| 000 | 00327nam a22001337a 4500 | ||
|---|---|---|---|
| 020 | _aNA | ||
| 082 |
_222 _a294.392 |
||
| 100 | _aDorji CT. | ||
| 245 | _aThe heart of wisdom / | ||
| 250 | _a1st | ||
| 260 |
_aProminent Publishers, Delhi, _bProminent Publishers, Delhi, _cc2005 |
||
| 300 |
_a160 p,; _bNA _c22cm. |
||
| 942 |
_2ddc _cF _01 |
||
| 999 |
_c1805 _d1805 |
||